LITTLE KANYA/ (Record no. 215723)

MARC details
000 -LEADER
fixed length control field 00579nam a22002057a 4500
005 - DATE AND TIME OF LATEST TRANSACTION
control field 20260323115527.0
010 ## - LCCN (DPL NO)
LC control number ENG-147963
020 ## - INTERNATIONAL STANDARD BOOK NUMBER
Terms of availability 399.00
International Standard Book Number 9789349001886
035 ## - SYSTEM CONTROL NUMBER
System control number EN-131495
037 ## - SOURCE OF ACQUISITION
Source of stock number/acquisition DBAD
082 ## - DEWEY DECIMAL CLASSIFICATION NUMBER
Classification number S
Edition number 1
Item number 1
100 ## - MAIN ENTRY--PERSONAL NAME
Personal name SANE ASHWINI R
245 ## - TITLE STATEMENT
Title LITTLE KANYA/
Statement of responsibility, etc Ashwini R SaneI.
Medium English
250 ## - EDITION STATEMENT
Edition statement 1
260 ## - PUBLICATION, DISTRIBUTION, ETC. (IMPRINT)
Place of publication, distribution, etc Maharastra
Name of publisher, distributor, etc Vishwakarma
Date of publication, distribution, etc 2025
270 ## - ADDRESS
City Pune
Address 34A/1,Suyog Centre,7th floor ,Gultekadi Marketyard Road,Giridhar Bhawan Chowk.
Postal code 411037
300 ## - PHYSICAL DESCRIPTION
Extent 314pb.
Dimensions 21cm
700 ## - ADDED ENTRY--PERSONAL NAME
9 (RLIN) 88667
942 ## - ADDED ENTRY ELEMENTS (KOHA)
Source of classification or shelving scheme Dewey Decimal Classification
Item type English Books
Call number suffix SAN
Call number prefix S
Edition 1
Holdings
Withdrawn status Lost status Not for loan Home library Current library Date acquired Full call number Koha item type
      Sarojini Nagar Sarojini Nagar 28/04/2026 SAN English Books

© Delhi Public Library
Hit Counter
free hit counter